| 000 | 005620000a22001810004500 | ||
|---|---|---|---|
| 041 | 0 | _aSPA | |
| 082 | 0 | 4 | _aG 572.9 C232p |
| 100 | 1 | _aCantoni, Remo (1914-) | |
| 245 | 1 | 0 | _aEl hombre etnocentrico : Ilusión y prejuicio / Remo Cantoni ; Joaquín Fernández, Traductor |
| 260 | _aMadrid, España : Guadarrama | ||
| 300 | _a608 Pag | ||
| 500 | _aTítulo original : Illusione e pregiudizio, l'uomo etnocentrico | ||
| 001 | 10372 | ||
| 942 | _cBK | ||
| 999 |
_c39946 _d39946 |
||
| 336 |
_atexto _btxt _2rdacontent |
||
| 337 |
_2rdamedia _asin mediación _bn |
||
| 338 |
_2rdacarrier _avolumen _bnc |
||